书目信息 |
| 题名: |
数学建模方法
|
|
| 作者: | 袁震东 主编 | |
| 分册: | ||
| 出版信息: | 上海 华东师范大学出版社 2003.01 |
|
| 页数: | 183页 | |
| 开本: | 24cm | |
| 丛书名: | ||
| 单 册: | ||
| 中图分类: | O141.4 | |
| 科图分类: | ||
| 主题词: | 数学模型--shu xue mo xing--高等学校--师范学校--教材 | |
| 电子资源: | ||
| ISBN: | 7-5617-3237-6 | |
| 000 | 00850nam0 2200253 450 | |
| 001 | 012007969757 | |
| 005 | 20071107151731.35 | |
| 010 | @a7-5617-3237-6@dCNY17.00 | |
| 100 | @a20071107d2003 km y0chiy0120 ea | |
| 101 | 0 | @achi |
| 102 | @aCN@b310000 | |
| 105 | @aak a 000yy | |
| 106 | @ar | |
| 200 | 1 | @a数学建模方法@Ashu xue jian mo fang fa@f袁震东主编@Fyuan zhen dong zhu bian |
| 210 | @a上海@c华东师范大学出版社@d2003.01 | |
| 215 | @a183页@c图@d24cm | |
| 300 | @a21世纪高等师范教育教材 | |
| 320 | @a有书目 (第183页)。 | |
| 330 | @a本书包括:数学建模的常用软件之一MATLAB语言、线性规划模型、整数规划模型、状态转移问题、网络流模型等内容。 | |
| 606 | 0 | @a数学模型@Ashu xue mo xing@x高等学校@x师范学校@j教材 |
| 690 | @aO141.4@v4 | |
| 701 | 0 | @a袁震东@Ayuan zhen dong@4主编 |
| 801 | 0 | @aCN@b@c20071107 |
| 905 | @b265643-45@dO141.4@eY920@f3 | |
| 数学建模方法/袁震东主编.-上海:华东师范大学出版社,2003.01 |
| 183页:图;24cm |
| 21世纪高等师范教育教材 |
| ISBN 7-5617-3237-6:CNY17.00 |
| 本书包括:数学建模的常用软件之一MATLAB语言、线性规划模型、整数规划模型、状态转移问题、网络流模型等内容。 |
| ● |
| 相关链接 |
|
|
|
正题名:数学建模方法
索取号:O141.4/Y920
 
预约/预借
| 序号 | 登录号 | 条形码 | 馆藏地/架位号 | 状态 | 备注 |
| 1 | 265643 | 202656438 | 自科库401/401自科库 74排2列2层/ [索取号:O141.4/Y920] | 在馆 | |
| 2 | 265644 | 202656447 | 自科库401/401自科库 40排3列5层/ [索取号:O141.4/Y920] | 在馆 | |
| 3 | 265645 | 202656456 | 自科库401/401自科库 40排3列5层/ [索取号:O141.4/Y920] | 在馆 |